000 00255nam a2200109Ia 4500
008 231212s1980 xx 000 0 und d
041 _aeng
082 _a620.1
100 _aStanton R.G.
245 _aNumerical Method For
260 _aU.S.A.
_bC.B.S.
_c1980
999 _c959068
_d959068